00511nam a22001937a 450000500170000000800410001702000180005804000070007604100120008308200170009510000170011224500330012925000070016226000440016930000260021336500530023965000080029270000170030020250722151919.0250722b |||||||| |||| 00| 0 eng d a9789386830005 cAL aEnglish a657.46bMEHG aH C Mehrotra aGoods and services tax (GST) a14 aAgrabSahitya Bhawan Publicationsc2025 a270 p.bPBc25x18 cm. a2031b₹200.00c₹d₹250.00e20%f22-07-2025 aGST aAgarwal, V P